LEADER 02314nam0 2200481 i 450 001 LO10615013 005 20251003044212.0 010 $a8849801718 020 $aIT$b2003-7629 100 $a20220401d2002 ||||0itac50 ba 101 | $aita 102 $ait 181 1$6z01$ai $bxxxe 182 1$6z01$an 183 1$6z01$anc$2RDAcarrier 200 1 $aˆL'‰economia del tempo e dell'ignoranza$fGerald O?Driscoll, Mario J. Rizzo$gprefazione di Lorenzo Infantino$gpostfazione di Emma Galli 210 $aSoveria Mannelli$cRubbettino$d2002 215 $a441 p.$d21 cm 225 | $aBiblioteca austriaca$i. Documenti$v14 300 $aTrad. di E. Galli. 410 0$1001RAV0287352$12001 $aBiblioteca austriaca$i. Documenti$v14 500 10$aˆThe ‰economics of time and ignorance.$3CFI0550119$9MILV016002$913950 606 $aEconomia$xTeorie$xSec. 20.$2FIR$3CFIC027158$9E 676 $a330.157$9ECONOMIA. SCUOLA DELL'UTILITA MARGINALE (SCUOLA AUSTRIACA)$v21 676 $a330.9436$9Situazioni e condizioni economiche. Austria$v21 696 $aEconomia reale$aAttività economiche$aAspetti economici 699 $aEconomia$yEconomia reale 699 $aEconomia$zAttività economiche 699 $aEconomia$zAspetti economici 700 1$aO?Driscoll$b, Gerald P.$3MILV016002$4070$0248858 701 1$aRizzo$b, Mario J.$3MILV016003$4070$0145864 702 1$aInfantino$b, Lorenzo$3CFIV023564 702 1$aGalli$b, Emma$3UBOV698400 790 1$aO?Driscoll$b, Gerald$3CFIV201671$zO?Driscoll, Gerald P. 801 3$aIT$bIT-000000$c20220401 850 $aIT-BN0095 $aIT-NA0452 901 $bNAP IS$cISEM $nSezione di storia economica dell'ex Istituto di storia economica del Mezzogiorno 901 $bNAP 01$cPOZZO LIB.$nVi sono collocati fondi di economia, periodici di ingegneria e scienze, periodici di economia e statistica e altri fondi comprendenti documenti di economia pervenuti in dono. 912 $aLO10615013 950 0$aBiblioteca Centralizzata di Ateneo$c1 v.$d 01POZZO LIB.ECON MON 4907$e 01C 0800202945E VMA 1 v. (Precedente collocazione: EC C 20 294)$fB $h20130312$i20130312 977 $a 01$a IS 996 $aEconomics of time and ignorance$913950 997 $aUNISANNIO